000 00730nam a2200241Ia 4500
003 OSt
005 20220926022607.0
006 a|||||r|||| 00| 0
007 ta
008 220923b |||||||| |||| 00| 0 eng d
037 _cGeneral Book
040 _aRTL
_cRTL
_beng
041 _2eng
_aeng
082 _aX9:95.1.N6, L1/UN
110 _aUnited Nations, Economic And Social Affairs (Deptt of-)
245 0 _aIndustrial social welfare
260 _aNew York
_bUnited Nations USA
_c1971
300 _aiv,114p.
_ccm.
650 _aIndustrial Economics
700 _aUnited Nations, Economic And Social Affairs (Deptt of-)
942 _hX9:95.1.N6, L1/UN
_cGB
_2CC
999 _c639846
_d639846